Investment in Europe (Record no. 110554)

MARC details
000 -LEADER
fixed length control field 01043cad a22002295a 4500
001 - CONTROL NUMBER
control field E149599
008 - FIXED-LENGTH DATA ELEMENTS--GENERAL INFORMATION
fixed length control field 100324s2010 fr d f s 000 0 eng d
035 ## - SYSTEM CONTROL NUMBER
System control number (Sirsi) u149599
041 0# - LANGUAGE CODE
Language code of text/sound track or separate title eng
050 04 - LIBRARY OF CONGRESS CALL NUMBER
Classification number 333.33 $2 18
110 2# - MAIN ENTRY--CORPORATE NAME
Corporate name or jurisdiction name as entry element BNP Paribas Real Estate
9 (RLIN) 5715
245 00 - TITLE STATEMENT
Title Investment in Europe
Remainder of title Q4 2009
Medium [electronic resource]
260 ## - PUBLICATION, DISTRIBUTION, ETC.
Place of publication, distribution, etc. [S.l]
Name of publisher, distributor, etc. BNP Paribas Real Estate
Date of publication, distribution, etc. 2010
490 #0 - SERIES STATEMENT
Series statement BNP Paribas Real Estate Investment in Europe
520 ## - SUMMARY, ETC.
Summary, etc. Reports that investment volume increased by 9% over the previous quarter in the 28 cities studied. This is an improvement of 15% over Q4 2008. Although 2009 has been a slow year for the commercial real estate investment market, there are indications that a recovery is taking place.
521 ## - TARGET AUDIENCE NOTE
Target audience note Advanced
590 ## - LOCAL NOTE (RLIN)
Local note KA
651 #4 - SUBJECT ADDED ENTRY--GEOGRAPHIC NAME
Geographic name Europe
690 ## - LOCAL SUBJECT ADDED ENTRY--TOPICAL TERM (OCLC, RLIN)
Topical term or geographic name as entry element PROPERTY-COMMERCIAL PROPERTY-COMMERCIAL PROPERTY MARKET
856 40 - ELECTRONIC LOCATION AND ACCESS
Uniform Resource Identifier <a href="https://www.realestate.bnpparibas.co.uk">https://www.realestate.bnpparibas.co.uk</a>
Public note View this report free of charge at www.realestate.bnpparibas.co.uk (see research section)
942 ## - ADDED ENTRY ELEMENTS (KOHA)
Suppress in OPAC 0
Holdings
Withdrawn status Lost status Source of classification or shelving scheme Damaged status Not for loan Home library Current library Shelving location Date acquired Total Checkouts Full call number Barcode Date last seen Copy number Price effective from Koha item type
    Dewey Decimal Classification     Virtual Virtual Online 24/03/2010   ONLINE PUBLICATION 149599-2001 06/08/2019 1 06/08/2019 Book